| 000 -LEADER |
| fixed length control field |
00548nam a22001697a 4500 |
| 020 ## - INTERNATIONAL STANDARD BOOK NUMBER |
| ISBN |
9789383637041 |
| 082 ## - DEWEY DECIMAL CLASSIFICATION NUMBER |
| Classification number |
H 891.430 9 |
| Item number |
BAN/D |
| 100 ## - MAIN ENTRY--AUTHOR NAME |
| Personal name |
Pandith Banne |
| 245 ## - TITLE STATEMENT |
| Title |
Dr. N Chandrasekharan Nair ke sahitya mem samskritik evum rashtriya chetana/ |
| Statement of responsibility, etc |
by Pandith Banne |
| 260 ## - PUBLICATION, DISTRIBUTION, ETC. (IMPRINT) |
| Place of publication |
Kanpur: |
| Name of publisher |
Kwality Book Publishers and Distributors, |
| Year of publication |
2013. |
| 300 ## - PHYSICAL DESCRIPTION |
| Number of Pages |
152p. |
| 650 ## - SUBJECT ADDED ENTRY--TOPICAL TERM |
| Topical Term |
Literature Hindi Dr N Chandrasekharan Nair Criticism |
| 650 ## - SUBJECT ADDED ENTRY--TOPICAL TERM |
| Topical Term |
Literature Hindi Criticism |
| 650 ## - SUBJECT ADDED ENTRY--TOPICAL TERM |
| Topical Term |
Literature Hindi |
| 650 ## - SUBJECT ADDED ENTRY--TOPICAL TERM |
| Topical Term |
Literature |
| 942 ## - ADDED ENTRY ELEMENTS (KOHA) |
| Koha item type |
Book |